| 000 | 01088cam a2200313 a 4500 | ||
|---|---|---|---|
| 001 | 4705200 | ||
| 003 | ARRUPE | ||
| 005 | 20220511091624.0 | ||
| 008 | 841126s1981 enk 001 0 eng | ||
| 010 | _a 82176282 | ||
| 020 | _a029777994X | ||
| 040 |
_aDLC _cDLC _dDLC |
||
| 041 | 1 |
_aeng _hger |
|
| 050 | 0 | 0 |
_aHX39.5 _b.A4 1981b |
| 082 | 0 | 0 |
_a335.4/092/2 _219 |
| 100 | 1 |
_aMarx, Karl, _d1818-1883. |
|
| 240 | 1 | 0 |
_aCorrespondence. _kSelections. _lEnglish |
| 245 | 1 | 4 |
_aThe Marx-Engels correspondence : _bthe personal letters, 1844-1877 : a selection / _cedited by Fritz J. Raddatz ; translated from the German by Ewald Osers. |
| 260 |
_aLondon : _bWeidenfeld and Nicolson, _c1981. |
||
| 300 |
_a194 p. ; _c23 cm. |
||
| 500 | _aIncludes index. | ||
| 600 | 1 | 0 |
_aMarx, Karl, _d1818-1883. |
| 600 | 1 | 0 |
_aEngels, Friedrich, _d1820-1895. _923758 |
| 650 | 0 |
_aCommunists _vCorrespondence. _951541 |
|
| 700 | 1 |
_aEngels, Friedrich, _d1820-1895. _923758 |
|
| 700 | 1 |
_aRaddatz, Fritz J. _q(Fritz Joachim) _951542 |
|
| 906 |
_a7 _bcbc _corignew _d3 _encip _f19 _gy-gencatlg |
||
| 942 |
_2lcc _cMONOGRAPH |
||
| 999 |
_c131408 _d131408 |
||